000 00801nam a2200253Ia 4500
003 OSt
005 20220930085428.0
006 a|||||r|||| 00| 0
007 ta
008 220926b |||||||| |||| 00| 0 eng d
024 _a100000
037 _cTheses
040 _aCRL
_cCRL
_beng
041 _2eng
_aeng
100 _aGeeta
110 _aUniversity of Delhi. Facaulty of Science. Department of Botany
245 0 _aChloroplast transformation in solanaceous species
_b brinjal and datura
650 _aBOTANY
700 _a Prof. K. C. Bansai Gu.
_9540240
700 _a Prof. S. K.Sawhney Gu.
_9537185
700 _aUniversity of Delhi. Facaulty of Science. Department of Botany
942 _cDIS
_2CC
999 _c878903
_d878903